00383nam a2200121Ia 4500008004100000245004200041245001600083260000900099650001300108856004800121999001900169952007300188171211s9999 xx 000 0 und d aLiving Networks - Anniversary Edition cRoss Dawson c2008 xBUSINESS uhttp://down.ebook777.com/063/1847995608.pdf c349469d349469 001040aCLbCLd2017-12-11l0r2017-12-11 00:00:00w2017-12-11yCBE